logo

Bir Sreshtho Munshi Abdur Rouf Library
Jhenaidah Cadet College

I Read It, But I Don't Get It: (Record no. 13505)

MARC details
000 -LEADER
fixed length control field 00686nam a2200229 a 4500
001 - CONTROL NUMBER
JCCL Control Number 13505
003 - CONTROL NUMBER IDENTIFIER
JCCL marc code BD-JhCC
005 - DATE AND TIME OF LATEST TRANSACTION
control field 20231026104547.0
008 - FIXED-LENGTH DATA ELEMENTS--GENERAL INFORMATION
fixed length control field 231026b2000 us |||| ||a| 000 0 eng d
020 ## - INTERNATIONAL STANDARD BOOK NUMBER
International Standard Book Number 157110089X
035 ## - SYSTEM CONTROL NUMBER
system control number (BD-JhCC)13505
040 ## - CATALOGING SOURCE
Original cataloging agency BD-JhCC
Modifying agency BD-JhCC
041 ## - LANGUAGE CODE
Language code of Book english
082 ## - DEWEY DECIMAL CLASSIFICATION NUMBER
Classification number 428.43
Author mark and Year CRI 2000
100 ## - MAIN ENTRY--PERSONAL NAME
Personal name Tovani, Cris
245 ## - TITLE STATEMENT
Title I Read It, But I Don't Get It:
Remainder of title Comprehension Strategies For Adolescent Readers.
Statement of responsibility, etc Cris Tovani.
260 ## - PUBLICATION, DISTRIBUTION, ETC. (IMPRINT)
Place of publication, distribution, etc America:
Name of publisher, distributor, etc United States of America;
Date of publication, distribution, etc 2000.
300 ## - PHYSICAL DESCRIPTION
Pagination 140 p. :
Dimensions 26 cm.
650 ## - SUBJECT ADDED ENTRY--TOPICAL TERM
Topical term or geographic name as entry element Reading--Remedial teaching
Geographic subdivision Reading comprehension
General subdivision Reading (Secondary)
942 ## - ADDED ENTRY ELEMENTS (KOHA)
Source of classification or shelving scheme Dewey Decimal Classification
Koha item type Books
Holdings
Source of classification or shelving scheme Damaged status Not for loan Home library Current library Shelving location Date of accession Cost, normal purchase price Total Checkouts Full call number Barcode Date last seen Date checked out Copy number Method of acquisition Koha item type Currency
Dewey Decimal Classification     JCC Rouf Library JCC Rouf Library General Stacks 10/26/2023 6790.00 4 428.43 CRI 2000 18523 10/06/2025 09/01/2025 C-1 Purchase Books BDT

JCC Library | Contacts | JCC Home

Last Update on 23 September 2017
Copyright @ 2017-2020 JCC Rouf Library
Rouf Library, Jhenidah Cadet College (JCC), Bangladesh